French Modes of Transportation in English - Statistics

General Stats
  • This quiz has been taken 32 times
  • The average score is 14 of 20
Answer Stats
French English % Correct
un bus bus
100%
un taxi taxi
100%
un bateau boat
97%
un scooter scooter
97%
un hélicoptère helicopter
93%
un train train
93%
un tram tram
93%
une voiture car
90%
un avion plane
90%
un tracteur tractor
87%
une bicyclette bicycle
70%
un vélo bike
67%
un métro subway
63%
un camion truck
57%
un navire ship
47%
une montgolfière hot air balloon
43%
une mobylette moped
30%
un dirigeable blimp
17%
une fusée rocket
17%
un monospace minivan
3%
No matching quizzes found
Score Distribution
Percent of People with Each Score
Percentile by Number Answered
Your Score History
You have not taken this quiz